Excursion guide : gold deposits of the central and SW part of the Bohemian Massif : third biennial SGA meeting, Prague, August 29-31, 1995 /

Další autoři: Morávek, Petr, 1936-2020
Jazyk: Angličtina
Vydáno: Prague : Czech Geological Survey, 1995
Témata:
Fyzický popis: 104 s. : il., mapy ; 29 cm
Knihy
Uloženo v:
LEADER 01377nam a2200385 a 4500
001 000099054
003 CZ BrMZK
005 20230421130706.0
007 ta
008 010907s1995 xr f 0 eng d
015 |a cnb000169388 
020 |a 80-7075-190-8 
040 |a BOA001  |b cze 
043 |a ec----- 
072 7 |a 553  |x Ložisková geologie  |2 Konspekt  |9 7 
080 |a 553  |2 MRF 
080 |a 553.411  |2 MRF 
080 |a (234.372)  |2 MRF 
080 |a (4-191.2)  |2 MRF 
080 |a (082)  |2 MRF 
080 |a (048.8)  |2 MRF 
245 0 0 |a Excursion guide :  |b gold deposits of the central and SW part of the Bohemian Massif : third biennial SGA meeting, Prague, August 29-31, 1995 /  |c edited by Petr Morávek. 
246 3 3 |a Gold deposits of the central and SW part of the Bohemian Massif 
260 |a Prague :  |b Czech Geological Survey,  |c 1995 
300 |a 104 s. :  |b il., mapy ;  |c 29 cm 
500 |a Bibliogr. 
650 0 7 |a ložisková geologie  |7 ph122458  |z Česko  |2 czenas 
650 0 7 |a ložiska zlata  |7 ph135565  |z Česko  |2 czenas 
651 7 |a Český masiv  |7 ge167780  |2 czenas 
655 7 |a sborníky  |7 fd163935  |2 czenas 
655 7 |a studie  |7 fd133597  |2 czenas 
700 1 |a Morávek, Petr,  |d 1936-2020  |7 jk01082100  |4 aut 
910 |a BOA001  |b 4-1025.850 
990 |a BK 
996 7 |b 2610043323  |c 4-1025.850  |l MZK  |r Sklad / do 1 hodiny  |n 7  |p p.v.  |w 000099054  |u 000010  |a 1  |e BOA001  |j MZK50  |s A